000 00621nam a22001697a 4500
005 20230221070034.0
008 230221b |||||||| |||| 00| 0 eng d
020 _a971-858908-2
082 _aFil. 696.1 F175 2001
100 _aFajardo, Max B., Jr.
_eauthor
245 _aPlumbing design and estimate /
_cMax B. Fajardo Jr.
260 _aQuezon City:
_b5138 Merchandising,
_cc2001
300 _aiv, [337]p.:
_bill.
504 _aIncludes bibliographical references
541 _e2413 c.1, 2414 c.2, 2415 c.3, 2416 c.4, 2417 c.5, 2418 c.6, 2419 c.7, 2420 c.8, 2421 c.9, 2422 c.10, 2423 c.11, 2459 c.12
650 _aPlumbing
999 _c1342
_d1342